<?xml version="1.0" encoding="UTF-8"?>
<record
    xmlns:xsi="http://www.w3.org/2001/XMLSchema-instance"
    xsi:schemaLocation="http://www.loc.gov/MARC21/slim http://www.loc.gov/standards/marcxml/schema/MARC21slim.xsd"
    xmlns="http://www.loc.gov/MARC21/slim">

  <leader>02506nam a2200469   4500</leader>
  <controlfield tag="001">113820</controlfield>
  <controlfield tag="003">ES-MaACL</controlfield>
  <controlfield tag="005">20250804062613.0</controlfield>
  <controlfield tag="007">t|</controlfield>
  <controlfield tag="008">210831s2020    sp            0011ddspa d</controlfield>
  <datafield tag="020" ind1=" " ind2=" ">
    <subfield code="a">978-84-18333-34-7</subfield>
  </datafield>
  <datafield tag="080" ind1=" " ind2=" ">
    <subfield code="a">821.134.2-23"18"</subfield>
  </datafield>
  <datafield tag="100" ind1="1" ind2=" ">
    <subfield code="a">P&#xE9;rez Gald&#xF3;s, Benito,</subfield>
    <subfield code="d">1843-1920</subfield>
    <subfield code="9">90871</subfield>
  </datafield>
  <datafield tag="245" ind1="1" ind2="0">
    <subfield code="a">Teatro / </subfield>
    <subfield code="c">Benito P&#xE9;rez Gald&#xF3;s ; presentaci&#xF3;n de Juan Armindo Hern&#xE1;ndez Montero ; pr&#xF3;logo de Rosa Amor del Olmo ; pre&#xE1;mbulo de Francisco C&#xE1;novas ; palabras preliminares de Antonio Chazarra Montiel.</subfield>
  </datafield>
  <datafield tag="250" ind1=" " ind2=" ">
    <subfield code="a">1&#xAA; ed.</subfield>
  </datafield>
  <datafield tag="260" ind1=" " ind2=" ">
    <subfield code="a">Madrid : </subfield>
    <subfield code="b">Ateneo de Madrid : </subfield>
    <subfield code="b">Sial Pigmali&#xF3;n, </subfield>
    <subfield code="c">2020.</subfield>
  </datafield>
  <datafield tag="300" ind1=" " ind2=" ">
    <subfield code="a">318 p. ; </subfield>
    <subfield code="c">21 cm.</subfield>
  </datafield>
  <datafield tag="490" ind1="1" ind2=" ">
    <subfield code="a">Colecci&#xF3;n de teatro candilejas ; </subfield>
    <subfield code="v">18</subfield>
  </datafield>
  <datafield tag="500" ind1=" " ind2=" ">
    <subfield code="a">Catalogaci&#xF3;n provisional. Signatura: N 8592. Dep&#xF3;sito J.</subfield>
  </datafield>
  <datafield tag="505" ind1="8" ind2=" ">
    <subfield code="a">Contiene: Benito P&#xE9;rez Gald&#xF3;s y el viejo Ateneo de la calle Montera / Juan Armindo Hern&#xE1;ndez Montero . Gald&#xF3;s desde el anfiteatro / Rosa Amor del Olmo . La obra teatral de Gald&#xF3;s / Francisco C&#xE1;novas . Gald&#xF3;s: un excelente dramaturgo al que no eclipsa el mejor novelista del siglo XX / Antonio Chazarra Montiel . Electra ; El taca&#xF1;o Salom&#xF3;n (Sperate Miseri): comedia en dos actos ; Santa Juana de Castilla: tragicomedia en tres actos / Benito P&#xE9;rez Gald&#xF3;s</subfield>
  </datafield>
  <datafield tag="600" ind1="1" ind2="4">
    <subfield code="a">P&#xE9;rez Gald&#xF3;s, Benito,</subfield>
    <subfield code="d">1843-1920-</subfield>
    <subfield code="x">Cr&#xED;tica e interpretaci&#xF3;n</subfield>
    <subfield code="9">90875</subfield>
  </datafield>
  <datafield tag="700" ind1="1" ind2=" ">
    <subfield code="a">P&#xE9;rez Gald&#xF3;s, Benito,</subfield>
    <subfield code="d">1843-1920</subfield>
    <subfield code="9">90871</subfield>
  </datafield>
  <datafield tag="700" ind1="1" ind2=" ">
    <subfield code="a">P&#xE9;rez Gald&#xF3;s, Benito, </subfield>
    <subfield code="d">1843-1920.</subfield>
    <subfield code="t">Electra</subfield>
    <subfield code="9">138132</subfield>
  </datafield>
  <datafield tag="700" ind1="1" ind2=" ">
    <subfield code="a">P&#xE9;rez Gald&#xF3;s, Benito,</subfield>
    <subfield code="d">1843-1920</subfield>
    <subfield code="x">Teatro.</subfield>
    <subfield code="9">90871</subfield>
  </datafield>
  <datafield tag="700" ind1="1" ind2=" ">
    <subfield code="a">Hern&#xE1;ndez Montero, Juan Armindo</subfield>
    <subfield code="9">168574</subfield>
  </datafield>
  <datafield tag="700" ind1="1" ind2=" ">
    <subfield code="a">Amor del Olmo, Rosa,</subfield>
    <subfield code="d">1963-</subfield>
    <subfield code="9">137798</subfield>
  </datafield>
  <datafield tag="700" ind1="1" ind2=" ">
    <subfield code="a">C&#xE1;novas S&#xE1;nchez, Francisco,</subfield>
    <subfield code="d">1949-</subfield>
    <subfield code="9">34609</subfield>
  </datafield>
  <datafield tag="700" ind1="1" ind2=" ">
    <subfield code="a">Chazarra Montiel, Antonio</subfield>
    <subfield code="9">173627</subfield>
  </datafield>
  <datafield tag="710" ind1="2" ind2=" ">
    <subfield code="a">Ateneo de Madrid.</subfield>
    <subfield code="9">1875</subfield>
  </datafield>
  <datafield tag="740" ind1="0" ind2="2">
    <subfield code="a">Electra.</subfield>
  </datafield>
  <datafield tag="740" ind1="3" ind2="2">
    <subfield code="a">El taca&#xF1;o Salom&#xF3;n.</subfield>
  </datafield>
  <datafield tag="740" ind1="0" ind2="2">
    <subfield code="a">Santa Juana de Castilla.</subfield>
  </datafield>
  <datafield tag="740" ind1="0" ind2="2">
    <subfield code="a">Benito P&#xE9;rez Gald&#xF3;s y el viejo Ateneo de la calle Montera.</subfield>
  </datafield>
  <datafield tag="830" ind1="1" ind2=" ">
    <subfield code="a">Colecci&#xF3;n de teatro candilejas ; </subfield>
    <subfield code="v">18</subfield>
    <subfield code="9">226815</subfield>
  </datafield>
  <datafield tag="852" ind1="4" ind2=" ">
    <subfield code="a">ES-MaACL</subfield>
    <subfield code="9">118101</subfield>
    <subfield code="j">A-14758</subfield>
    <subfield code="c">SPD2</subfield>
    <subfield code="b">R.152948</subfield>
    <subfield code="d">Olim: N-7758/Ej.1</subfield>
    <subfield code="h">Donaci&#xF3;n: Editorial </subfield>
  </datafield>
  <datafield tag="852" ind1="4" ind2=" ">
    <subfield code="a">ES-MaACL</subfield>
    <subfield code="9">200416 </subfield>
    <subfield code="b">R.151948 </subfield>
    <subfield code="j">N-8592</subfield>
    <subfield code="c">DEPOJ</subfield>
    <subfield code="z">En proceso</subfield>
    <subfield code="g">Dedicatoria aut&#xF3;grafa de los autores</subfield>
    <subfield code="h">Donaci&#xF3;n: sin sello</subfield>
  </datafield>
  <datafield tag="942" ind1=" " ind2=" ">
    <subfield code="2">udc</subfield>
    <subfield code="c">MONOGRAFIA</subfield>
  </datafield>
  <datafield tag="999" ind1=" " ind2=" ">
    <subfield code="c">113820</subfield>
    <subfield code="d">113820</subfield>
  </datafield>
  <datafield tag="952" ind1=" " ind2=" ">
    <subfield code="0">0</subfield>
    <subfield code="1">0</subfield>
    <subfield code="2">udc</subfield>
    <subfield code="4">0</subfield>
    <subfield code="7">0</subfield>
    <subfield code="8">Librosdedicados</subfield>
    <subfield code="a">ATENEOM</subfield>
    <subfield code="b">ATENEOM</subfield>
    <subfield code="c">DEPOJ</subfield>
    <subfield code="d">2023-07-01</subfield>
    <subfield code="e">DONACION</subfield>
    <subfield code="l">0</subfield>
    <subfield code="o">N-8592</subfield>
    <subfield code="p">101205709</subfield>
    <subfield code="r">2023-07-28 00:00:00</subfield>
    <subfield code="w">2023-07-28</subfield>
    <subfield code="z">Dedicatoria aut&#xF3;grafa de los autores</subfield>
  </datafield>
</record>
